00409nam a22001457a 450000500170000000800410001702000180005804100130007608200130008910000270010224500720012926000100020130000270021165000250023820231114082714.0231114b |||||||| |||| 00| 0 eng d a9780620855624 aEnglish  a345 NAM  aNamandje, S lEnglish  aThe Law on Liberty, Arrest and Detention in Namibia / cS Namandje  c2019  b75 pages ; c25,4 cm.  aLegal practice bLaw